Azóta ; Szemben [versek] /

Elmentve itt :
Bibliográfiai részletek
Szerző: Zöldy Pál
Dokumentumtípus: Cikk
Megjelent: 1988
Sorozat:Tiszatáj 42 No. 3
Kulcsszavak:Magyar irodalom - vers
Online Access:http://tiszataj.bibl.u-szeged.hu/13569
LEADER 00565nab a2200181 i 4500
001 tisza13569
005 20200330145431.0
008 170215s1988 hu o 0|| hun d
022 |a 0133-1167 
040 |a SZTE Tiszatáj Archívum  |b hun 
041 |a hun 
100 1 |a Zöldy Pál 
245 1 0 |a Azóta ; Szemben   |h [elektronikus dokumentum] :  |b [versek] /  |c  Zöldy Pál 
260 |c 1988 
300 |a 7-9 
490 0 |a Tiszatáj  |v 42 No. 3 
695 |a Magyar irodalom - vers 
856 4 0 |u http://tiszataj.bibl.u-szeged.hu/13569/1/tiszataj_1988_003_007-009.pdf  |z Dokumentum-elérés